Communes de la ville nouvelle de Sénart - Statistiques

Statistiques générales
  • Ce quiz a été pris 13 fois
  • Le résultat moyen est 5 sur 12
Answers on the Grid
Answers color-coded by a green-red scale on the quiz's grid according to % correct below.
Cesson
Melun
Saintry-sur-Seine
Brie-Comte-Robert
Savigny-le-Temple
Le Coudray-Montceaux
Corbeil-Essonnes
Combs-la-Ville
Étiolles
Soisy-sur-Seine
Mandres-les-Roses
Le Mée-sur-Seine
Réau
Lieusaint
Boussy-Saint-Antoine
Saint-Germain-lès-Corbeil
Draveil
Nandy
Vaux-le-Pénil
Seine-Port
Vert-Saint-Denis
Rubelles
Tigery
Servon
Moissy-Cramayel
Vigneux-sur-Seine
Lisses
Milly-la-Forêt
Saint-Pierre-du-Perray
Morsang-sur-Seine
 
Statistiques - réponses
Réponse % Correct
Cesson
78%
Savigny-le-Temple
67%
Combs-la-Ville
56%
Lieusaint
56%
Tigery
56%
Moissy-Cramayel
44%
Nandy
33%
Réau
22%
Vert-Saint-Denis
22%
Saint-Pierre-du-Perray
11%
Saintry-sur-Seine
11%
Morsang-sur-Seine
0%
Aucun quiz correspondant
Distribution des résultats
% des personnes avec chaque résultat
Percentile par nombre de réponses
Votre historique - résultats
Vous n’avez pas pris ce quiz